[Event "Moscow Open 2016 A"]
[Site "?"]
[Date "2016.02.05"]
[Round "7.15"]
[White "Khismatullin, Denis"]
[Black "Kozionov, Kirill"]
[Result "1/2-1/2"]
[BlackElo "2416"]
[WhiteElo "2626"]
[LiveChessVersion "1.4.7"]

1. c4 {[%clk 1:16:43]} e5 {[%clk 1:28:40]} 2. Nc3 {[%clk 1:15:33]} Nf6
{[%clk 1:28:57]} 3. Nf3 {[%clk 1:15:58]} Nc6 {[%clk 1:29:24]} 4. e3
{[%clk 1:16:23]} Be7 {[%clk 1:19:09]} 5. d4 {[%clk 1:12:42]} exd4
{[%clk 1:19:09]} 6. Nxd4 {[%clk 1:13:06]} O-O {[%clk 1:19:04]} 7. Nde2
{[%clk 1:02:30]} Re8 {[%clk 1:17:46]} 8. Nf4 {[%clk 0:59:19]} Bf8
{[%clk 0:56:44]} 9. Be2 {[%clk 0:55:20]} g6 {[%clk 0:56:30]} 10. b3
{[%clk 0:46:18]} Bg7 {[%clk 0:54:16]} 11. Bb2 {[%clk 0:45:52]} d6
{[%clk 0:53:44]} 12. O-O {[%clk 0:45:17]} h5 {[%clk 0:50:49]} 13. Qd2
{[%clk 0:40:23]} h4 {[%clk 0:46:37]} 14. Rad1 {[%clk 0:35:14]} Nd7
{[%clk 0:35:20]} 15. Nfd5 {[%clk 0:33:19]} a6 {[%clk 0:31:26]} 16. f4
{[%clk 0:25:29]} Nf6 {[%clk 0:29:12]} 17. Bf3 {[%clk 0:20:41]} Bf5
{[%clk 0:28:33]} 18. e4 {[%clk 0:16:51]} Nxe4 {[%clk 0:23:56]} 19. Nxe4
{[%clk 0:16:50]} Bxe4 {[%clk 0:24:15]} 20. Bxg7 {[%clk 0:11:47]} Kxg7
{[%clk 0:24:24]} 21. Bxe4 {[%clk 0:06:22]} Rxe4 {[%clk 0:24:50]} 22. Rde1
{[%clk 0:05:42]} Rxe1 {[%clk 0:05:04]} 23. Rxe1 {[%clk 0:05:09]} Qd7
{[%clk 0:05:11]} 24. Qc3+ {[%clk 0:03:47]} Kh6 {[%clk 0:05:35]} 25. Qf6
{[%clk 0:02:39]} Re8 {[%clk 0:01:37]} 26. Kf2 {[%clk 0:01:30]} Qd8
{[%clk 0:00:31]} 27. Rxe8 {[%clk 0:01:32]} Qxe8 {[%clk 0:00:55]} 28. Qxh4+
{[%clk 0:01:31]} Kg7 {[%clk 0:01:23]} 29. Qf6+ {[%clk 0:01:36]} Kg8
{[%clk 0:01:10]} 30. Qc3 {[%clk 0:00:36]} Qd8 {[%clk 0:00:47]} 31. g3
{[%clk 0:00:52]} b6 {[%clk 0:00:32]} 32. Nf6+ {[%clk 0:00:38]} Kf8
{[%clk 0:00:48]} 33. Ng4 {[%clk 0:00:50]} Qd7 {[%clk 0:00:32]} 34. Nf6
{[%clk 0:00:33]} Qh3 {[%clk 0:00:35]} 35. Kg1 {[%clk 0:00:46]} Qf5
{[%clk 0:00:39]} 36. Nd5 {[%clk 0:00:58]} Qb1+ {[%clk 0:00:33]} 37. Kg2
{[%clk 0:01:21]} Qe4+ {[%clk 0:00:35]} 38. Qf3 {[%clk 0:01:07]} Qc2+
{[%clk 0:00:43]} 39. Qf2 {[%clk 0:00:36]} Qe4+ {[%clk 0:01:00]} 40. Kh3
{[%clk 0:30:37]} Nd4 {[%clk 0:30:33]} 41. Qe3 {[%clk 0:23:35]} Qxe3
{[%clk 0:25:18]} 42. Nxe3 {[%clk 0:18:53]} b5 {[%clk 0:24:10]} 43. Kg2
{[%clk 0:13:23]} c6 {[%clk 0:23:16]} 44. Kf2 {[%clk 0:10:54]} f5 {[%clk 0:21:47]}
45. Ng2 {[%clk 0:07:47]} Ke7 {[%clk 0:17:33]} 46. Ke3 {[%clk 0:06:16]} c5
{[%clk 0:15:06]} 47. Kd3 {[%clk 0:02:17]} Nf3 {[%clk 0:12:04]} 48. h3
{[%clk 0:01:28]} Ng1 {[%clk 0:07:24]} 49. cxb5 {[%clk 0:00:51]} axb5
{[%clk 0:07:50]} 50. Nh4 {[%clk 0:00:45]} Nxh3 {[%clk 0:07:18]} 51. Nxg6+
{[%clk 0:00:40]} Kf6 {[%clk 0:07:16]} 52. Nh4 {[%clk 0:00:47]} Nf2+
{[%clk 0:07:27]} 53. Ke3 {[%clk 0:01:04]} Nd1+ {[%clk 0:06:55]} 54. Kd2
{[%clk 0:01:15]} Nf2 {[%clk 0:07:17]} 55. Ke3 {[%clk 0:01:24]} Ng4+
{[%clk 0:06:48]} 56. Ke2 {[%clk 0:00:37]} b4 {[%clk 0:07:02]} 57. Ng2
{[%clk 0:00:37]} Ke6 {[%clk 0:05:53]} 58. Ne1 {[%clk 0:00:42]} Nf6
{[%clk 0:02:42]} 59. Nc2 {[%clk 0:00:54]} d5 {[%clk 0:02:05]} 60. a3
{[%clk 0:00:31]} bxa3 {[%clk 0:02:29]} 61. Nxa3 {[%clk 0:00:57]} Ne4
{[%clk 0:02:55]} 62. Nc2 {[%clk 0:01:10]} Nxg3+ {[%clk 0:02:52]} 63. Kf3
{[%clk 0:01:39]} Ne4 {[%clk 0:03:05]} 64. b4 {[%clk 0:02:03]} Kd6
{[%clk 0:02:29]} 65. bxc5+ {[%clk 0:01:51]} Kxc5 {[%clk 0:02:45]} 66. Ke3
{[%clk 0:02:01]} Kc4 {[%clk 0:02:33]} 67. Na3+ {[%clk 0:02:02]} Kb4
{[%clk 0:02:15]} 68. Nc2+ {[%clk 0:02:19]} Kc3 {[%clk 0:01:06]} 69. Nd4
{[%clk 0:02:33]} Ng3 {[%clk 0:00:56]} 70. Nc6 {[%clk 0:02:09]} Ne4
{[%clk 0:00:38]} 71. Nd4 {[%clk 0:02:27]} Ng3 {[%clk 0:00:35]} 72. Nc6
{[%clk 0:02:52]} Kc4 {[%clk 0:00:33]} 73. Ne5+ {[%clk 0:03:05]} Kc5
{[%clk 0:00:41]} 74. Nf3 {[%clk 0:01:39]} Nh5 {[%clk 0:00:34]} 75. Nd4
{[%clk 0:01:59]} Ng7 {[%clk 0:00:51]} 76. Kd3 {[%clk 0:01:59]} Kb6
{[%clk 0:00:37]} 77. Kc3 {[%clk 0:02:20]} Kc5 {[%clk 0:00:35]} 78. Kd3
{[%clk 0:02:23]} Kd6 {[%clk 0:00:43]} 79. Kc3 {[%clk 0:02:44]} Ke7
{[%clk 0:00:34]} 80. Kb4 {[%clk 0:03:07]} Kf6 {[%clk 0:00:45]} 81. Kc5
{[%clk 0:03:05]} Ne6+ {[%clk 0:01:02]} 82. Kxd5 {[%clk 0:03:29]} Nxf4+
{[%clk 0:01:27]} 83. Kc4 {[%clk 0:03:54]} 1/2-1/2

[Event "Moscow Open 2016 A"]
[Site "?"]
[Date "2016.02.05"]
[Round "7.16"]
[White "Ponkratov, Pavel"]
[Black "Savitskiy, Sergey"]
[Result "1-0"]
[BlackElo "2405"]
[WhiteElo "2591"]
[LiveChessVersion "1.4.7"]

1. e4 {[%clk 1:26:36]} c5 {[%clk 1:30:49]} 2. Nf3 {[%clk 1:27:02]} Nc6
{[%clk 1:31:12]} 3. d4 {[%clk 1:27:30]} cxd4 {[%clk 1:31:37]} 4. Nxd4
{[%clk 1:27:57]} Qb6 {[%clk 1:31:58]} 5. Nb3 {[%clk 1:28:10]} Nf6
{[%clk 1:32:22]} 6. Nc3 {[%clk 1:28:36]} e6 {[%clk 1:32:45]} 7. a3
{[%clk 1:28:45]} a6 {[%clk 1:32:54]} 8. Bf4 {[%clk 1:29:10]} e5 {[%clk 1:28:33]}
9. Be3 {[%clk 1:22:17]} Qc7 {[%clk 1:27:55]} 10. g4 {[%clk 1:22:26]} h6
{[%clk 1:25:04]} 11. h4 {[%clk 1:21:30]} d6 {[%clk 1:22:53]} 12. Rg1
{[%clk 1:21:53]} Be6 {[%clk 1:22:34]} 13. g5 {[%clk 1:21:48]} hxg5
{[%clk 1:21:09]} 14. hxg5 {[%clk 1:22:15]} Nd7 {[%clk 1:21:00]} 15. Nd5
{[%clk 1:22:13]} Bxd5 {[%clk 1:18:57]} 16. Qxd5 {[%clk 1:22:39]} Ne7
{[%clk 1:11:24]} 17. Qd2 {[%clk 1:19:09]} O-O-O {[%clk 1:10:02]} 18. O-O-O
{[%clk 1:18:33]} Nb8 {[%clk 1:08:58]} 19. Qe2 {[%clk 1:16:43]} Nbc6
{[%clk 1:07:34]} 20. Qf3 {[%clk 1:15:53]} Ng6 {[%clk 1:00:23]} 21. Bc4
{[%clk 1:14:17]} Nd4 {[%clk 0:54:25]} 22. Bxd4 {[%clk 0:38:33]} Qxc4
{[%clk 0:53:50]} 23. Bb6 {[%clk 0:38:51]} Rd7 {[%clk 0:52:53]} 24. Rg3
{[%clk 0:38:21]} Qe6 {[%clk 0:45:58]} 25. Qc3+ {[%clk 0:21:08]} Kb8
{[%clk 0:45:43]} 26. Qa5 {[%clk 0:21:33]} Rh3 {[%clk 0:39:06]} 27. Rxh3
{[%clk 0:17:46]} Qxh3 {[%clk 0:38:57]} 28. Be3 {[%clk 0:17:54]} Ne7
{[%clk 0:37:42]} 29. Qb6 {[%clk 0:16:33]} Nc8 {[%clk 0:37:32]} 30. Qb4
{[%clk 0:17:01]} Rc7 {[%clk 0:34:03]} 31. Nd2 {[%clk 0:13:27]} Qg2
{[%clk 0:34:01]} 32. Qb3 {[%clk 0:11:15]} Qh2 {[%clk 0:18:59]} 33. Nb1
{[%clk 0:08:31]} Qg2 {[%clk 0:08:19]} 34. Nc3 {[%clk 0:08:56]} Rxc3
{[%clk 0:08:46]} 35. Qxc3 {[%clk 0:08:40]} Qxe4 {[%clk 0:09:10]} 36. Qb3
{[%clk 0:09:05]} Qg6 {[%clk 0:09:07]} 37. Kb1 {[%clk 0:09:06]} Be7
{[%clk 0:08:15]} 38. Rd3 {[%clk 0:08:01]} Bd8 {[%clk 0:05:59]} 39. Qd5
{[%clk 0:06:19]} Qf5 {[%clk 0:05:59]} 40. Rb3 {[%clk 0:36:29]} Qd7
{[%clk 0:36:18]} 41. f4 {[%clk 0:36:01]} f6 {[%clk 0:32:40]} 42. g6
{[%clk 0:34:47]} 1-0

[Event "Moscow Open 2016 A"]
[Site "?"]
[Date "2016.02.05"]
[Round "7.17"]
[White "Khegay, Dmitriy"]
[Black "Alekseenko, Kirill"]
[Result "1-0"]
[BlackElo "2560"]
[WhiteElo "2416"]
[LiveChessVersion "1.4.7"]

1. d4 {[%clk 1:28:36]} Nf6 {[%clk 1:29:29]} 2. c4 {[%clk 1:29:00]} e6
{[%clk 1:28:53]} 3. Nc3 {[%clk 1:29:22]} Bb4 {[%clk 1:29:03]} 4. e3
{[%clk 1:29:46]} O-O {[%clk 1:28:31]} 5. Nge2 {[%clk 1:30:12]} c6
{[%clk 1:28:55]} 6. a3 {[%clk 1:27:47]} Ba5 {[%clk 1:26:58]} 7. Ng3
{[%clk 1:28:06]} d5 {[%clk 1:26:16]} 8. Bd3 {[%clk 1:25:58]} dxc4
{[%clk 1:17:04]} 9. Bxc4 {[%clk 1:26:19]} e5 {[%clk 1:17:22]} 10. O-O
{[%clk 1:23:52]} exd4 {[%clk 1:15:32]} 11. exd4 {[%clk 1:24:16]} Bb6
{[%clk 1:15:11]} 12. Be3 {[%clk 1:13:31]} Na6 {[%clk 0:46:24]} 13. Bxa6
{[%clk 0:56:19]} bxa6 {[%clk 0:46:49]} 14. Nge4 {[%clk 0:56:46]} Nxe4
{[%clk 0:36:19]} 15. Nxe4 {[%clk 0:57:11]} a5 {[%clk 0:35:56]} 16. Nc3
{[%clk 0:51:00]} Qf6 {[%clk 0:33:30]} 17. d5 {[%clk 0:41:11]} Bb7
{[%clk 0:28:10]} 18. d6 {[%clk 0:18:06]} Rad8 {[%clk 0:26:05]} 19. Qd2
{[%clk 0:15:46]} c5 {[%clk 0:14:48]} 20. Bf4 {[%clk 0:15:29]} c4 {[%clk 0:15:11]}
21. Bg3 {[%clk 0:15:16]} h5 {[%clk 0:11:51]} 22. h4 {[%clk 0:15:37]} Qg6
{[%clk 0:06:18]} 23. Kh2 {[%clk 0:15:37]} Bc5 {[%clk 0:06:23]} 24. Qg5
{[%clk 0:06:56]} Qxg5 {[%clk 0:06:28]} 25. hxg5 {[%clk 0:07:21]} Bxd6
{[%clk 0:06:55]} 26. Bxd6 {[%clk 0:07:46]} Rxd6 {[%clk 0:07:21]} 27. Rad1
{[%clk 0:08:11]} Rd3 {[%clk 0:06:59]} 28. f3 {[%clk 0:07:22]} Rfd8
{[%clk 0:07:02]} 29. Rfe1 {[%clk 0:06:47]} Bc6 {[%clk 0:06:26]} 30. Kg3
{[%clk 0:06:24]} Kh7 {[%clk 0:06:41]} 31. Rb1 {[%clk 0:03:13]} Kg6
{[%clk 0:06:17]} 32. Re5 {[%clk 0:03:23]} Rd2 {[%clk 0:03:41]} 33. Ne2
{[%clk 0:03:43]} Rb8 {[%clk 0:02:31]} 34. Nf4+ {[%clk 0:03:38]} Kh7
{[%clk 0:03:00]} 35. Rc5 {[%clk 0:03:33]} Bb5 {[%clk 0:02:00]} 36. Nxh5
{[%clk 0:03:26]} Ba6 {[%clk 0:02:22]} 37. Rxa5 {[%clk 0:02:53]} c3
{[%clk 0:00:57]} 38. Rxa6 {[%clk 0:02:44]} Rxg2+ {[%clk 0:00:45]} 39. Kxg2
{[%clk 0:02:19]} Rxb2+ {[%clk 0:01:10]} 40. Kg3 {[%clk 0:32:42]} Rxb1
{[%clk 0:31:17]} 41. Rc6 {[%clk 0:33:04]} 1-0

[Event "Moscow Open 2016 A"]
[Site "?"]
[Date "2016.02.05"]
[Round "7.18"]
[White "Naumkin, Igor"]
[Black "Bajarani, Ulvi"]
[Result "1/2-1/2"]
[BlackElo "2540"]
[WhiteElo "2403"]
[LiveChessVersion "1.4.7"]

1. d4 {[%clk 1:30:56]} f5 {[%clk 1:30:53]} 2. Nf3 {[%clk 1:31:17]} g6
{[%clk 1:31:18]} 3. c4 {[%clk 1:31:12]} Nf6 {[%clk 1:31:42]} 4. g3
{[%clk 1:31:26]} Bg7 {[%clk 1:32:08]} 5. Bg2 {[%clk 1:31:48]} O-O
{[%clk 1:32:29]} 6. O-O {[%clk 1:31:50]} d6 {[%clk 1:32:56]} 7. Nc3
{[%clk 1:32:01]} Qe8 {[%clk 1:33:21]} 8. d5 {[%clk 1:31:56]} a5 {[%clk 1:33:46]}
9. Be3 {[%clk 1:30:34]} Na6 {[%clk 1:32:38]} 10. Qc2 {[%clk 1:28:56]} Bd7
{[%clk 1:31:53]} 11. Rad1 {[%clk 1:23:53]} Rc8 {[%clk 1:30:23]} 12. Qb3
{[%clk 1:11:45]} b6 {[%clk 1:29:10]} 13. Nd4 {[%clk 1:08:39]} Nc5
{[%clk 1:29:14]} 14. Qc2 {[%clk 1:08:12]} h6 {[%clk 1:26:07]} 15. Bc1
{[%clk 1:06:12]} e5 {[%clk 1:25:05]} 16. dxe6 {[%clk 1:06:27]} Nxe6
{[%clk 1:25:28]} 17. Nxe6 {[%clk 1:04:41]} Bxe6 {[%clk 1:25:50]} 18. b3
{[%clk 1:01:02]} g5 {[%clk 1:24:27]} 19. e3 {[%clk 0:59:27]} Qf7 {[%clk 1:20:30]}
20. Nd5 {[%clk 0:55:26]} Rce8 {[%clk 1:18:34]} 21. Bb2 {[%clk 0:53:41]} Nxd5
{[%clk 1:11:46]} 22. cxd5 {[%clk 0:52:34]} Bc8 {[%clk 1:12:10]} 23. Rc1
{[%clk 0:48:20]} Bxb2 {[%clk 1:02:32]} 24. Qxb2 {[%clk 0:47:48]} Ba6
{[%clk 1:02:16]} 25. Rfe1 {[%clk 0:46:25]} Re7 {[%clk 1:01:29]} 26. Qd2
{[%clk 0:44:11]} Bb5 {[%clk 0:59:37]} 27. f4 {[%clk 0:38:22]} Qg7
{[%clk 0:57:34]} 28. Qc3 {[%clk 0:35:52]} Rf6 {[%clk 0:55:57]} 29. Qd4
{[%clk 0:34:38]} Rg6 {[%clk 0:52:05]} 30. Qxg7+ {[%clk 0:33:39]} Rgxg7
{[%clk 0:52:30]} 31. Rc3 {[%clk 0:31:22]} Kf7 {[%clk 0:48:51]} 32. Kf2
{[%clk 0:30:49]} Kf6 {[%clk 0:49:13]} 33. Bf3 {[%clk 0:27:49]} Rgf7
{[%clk 0:49:25]} 34. Bh5 {[%clk 0:27:45]} Rg7 {[%clk 0:49:49]} 35. Bf3
{[%clk 0:28:09]} Rgf7 {[%clk 0:50:11]} 36. Bh5 {[%clk 0:28:31]} Rg7
{[%clk 0:50:38]} 37. Bf3 {[%clk 0:28:53]} 1/2-1/2

[Event "Moscow Open 2016 A"]
[Site "?"]
[Date "2016.02.06"]
[Round "8.1"]
[White "Inarkiev, Ernesto"]
[Black "Timofeev, Artyom"]
[Result "1-0"]
[BlackElo "2570"]
[WhiteElo "2676"]
[LiveChessVersion "1.4.7"]

1. d4 {[%clk 1:28:13]} Nf6 {[%clk 1:30:52]} 2. c4 {[%clk 1:28:37]} g6
{[%clk 1:31:16]} 3. f3 {[%clk 1:29:04]} d5 {[%clk 1:28:16]} 4. cxd5
{[%clk 1:29:27]} Nxd5 {[%clk 1:28:41]} 5. e4 {[%clk 1:29:54]} Nb6
{[%clk 1:29:00]} 6. Nc3 {[%clk 1:30:18]} Bg7 {[%clk 1:29:19]} 7. Be3
{[%clk 1:30:45]} O-O {[%clk 1:29:24]} 8. Qd2 {[%clk 1:31:07]} Nc6
{[%clk 1:29:42]} 9. O-O-O {[%clk 1:31:13]} Qd6 {[%clk 1:30:03]} 10. Nb5
{[%clk 1:31:24]} Qd7 {[%clk 1:28:49]} 11. Kb1 {[%clk 1:31:46]} Rd8
{[%clk 1:28:19]} 12. d5 {[%clk 1:31:58]} a6 {[%clk 1:27:28]} 13. Nc3
{[%clk 1:32:23]} Na5 {[%clk 1:24:37]} 14. Qc1 {[%clk 1:31:16]} Nac4
{[%clk 1:02:24]} 15. Bd4 {[%clk 1:21:37]} Qd6 {[%clk 0:55:28]} 16. Bxg7
{[%clk 1:17:52]} Kxg7 {[%clk 0:53:29]} 17. Nge2 {[%clk 0:52:39]} Qf6
{[%clk 0:47:50]} 18. b3 {[%clk 0:47:54]} Nd6 {[%clk 0:31:22]} 19. f4
{[%clk 0:43:39]} Nb5 {[%clk 0:25:44]} 20. e5 {[%clk 0:32:13]} Qh4
{[%clk 0:23:58]} 21. g3 {[%clk 0:20:00]} Qh5 {[%clk 0:23:27]} 22. Bg2
{[%clk 0:20:18]} Bg4 {[%clk 0:17:00]} 23. Rd2 {[%clk 0:20:24]} c6
{[%clk 0:16:34]} 24. dxc6 {[%clk 0:17:00]} Bxe2 {[%clk 0:07:53]} 25. Nxe2
{[%clk 0:06:28]} Rxd2 {[%clk 0:07:33]} 26. Qxd2 {[%clk 0:06:57]} Rd8
{[%clk 0:07:49]} 27. Qe3 {[%clk 0:07:20]} Qxe2 {[%clk 0:05:50]} 28. Qxe2
{[%clk 0:07:42]} Nc3+ {[%clk 0:06:17]} 29. Kc2 {[%clk 0:04:51]} Nxe2
{[%clk 0:06:29]} 30. cxb7 {[%clk 0:04:54]} Nd4+ {[%clk 0:03:42]} 31. Kc3
{[%clk 0:02:45]} a5 {[%clk 0:01:32]} 32. Rd1 {[%clk 0:02:58]} Nb5+
{[%clk 0:01:56]} 33. Kb2 {[%clk 0:03:21]} Rb8 {[%clk 0:00:51]} 34. Rc1
{[%clk 0:03:34]} Nd4 {[%clk 0:00:33]} 35. Rc5 {[%clk 0:03:08]} a4
{[%clk 0:00:50]} 36. Kc3 {[%clk 0:03:37]} 1-0

[Event "Moscow Open 2016 A"]
[Site "?"]
[Date "2016.02.06"]
[Round "8.2"]
[White "Eliseev, Urii"]
[Black "Korobov, Anton"]
[Result "1/2-1/2"]
[BlackElo "2710"]
[WhiteElo "2582"]
[LiveChessVersion "1.4.7"]

1. e4 {[%clk 1:30:57]} c5 {[%clk 1:30:51]} 2. Nf3 {[%clk 1:31:17]} d6
{[%clk 1:31:09]} 3. d4 {[%clk 1:31:35]} cxd4 {[%clk 1:31:28]} 4. Nxd4
{[%clk 1:31:56]} Nf6 {[%clk 1:31:49]} 5. Nc3 {[%clk 1:32:16]} a6 {[%clk 1:32:05]}
6. Bg5 {[%clk 1:32:22]} Nbd7 {[%clk 1:32:15]} 7. Bc4 {[%clk 1:32:15]} Qb6
{[%clk 1:29:15]} 8. Bb3 {[%clk 1:32:25]} e6 {[%clk 1:28:57]} 9. Bxf6
{[%clk 1:32:36]} Nxf6 {[%clk 1:29:20]} 10. f4 {[%clk 1:32:58]} g6
{[%clk 1:28:58]} 11. Qd2 {[%clk 1:30:17]} Bh6 {[%clk 1:28:07]} 12. O-O-O
{[%clk 1:28:51]} Bd7 {[%clk 1:17:40]} 13. h3 {[%clk 1:25:12]} O-O-O
{[%clk 1:11:05]} 14. g4 {[%clk 1:09:58]} e5 {[%clk 1:08:18]} 15. g5
{[%clk 1:08:00]} Qxd4 {[%clk 1:08:00]} 16. Qxd4 {[%clk 1:08:03]} exd4
{[%clk 1:08:22]} 17. Rxd4 {[%clk 1:08:24]} Bg7 {[%clk 1:08:30]} 18. gxf6
{[%clk 1:08:33]} Bxf6 {[%clk 1:08:50]} 19. Rxd6 {[%clk 1:08:27]} Bxc3
{[%clk 1:08:29]} 20. bxc3 {[%clk 1:08:47]} Bc6 {[%clk 1:08:38]} 21. Rxd8+
{[%clk 1:01:00]} Rxd8 {[%clk 1:08:15]} 22. Re1 {[%clk 1:01:21]} f6
{[%clk 1:05:24]} 23. e5 {[%clk 0:46:47]} fxe5 {[%clk 1:05:41]} 24. Rxe5
{[%clk 0:47:11]} Rf8 {[%clk 1:04:53]} 25. Re7 {[%clk 0:47:31]} Rxf4
{[%clk 1:04:42]} 26. Rxh7 {[%clk 0:47:52]} Rf2 {[%clk 1:00:43]} 27. Rg7
{[%clk 0:44:43]} Be4 {[%clk 0:59:37]} 28. Re7 {[%clk 0:45:02]} Bc6
{[%clk 0:59:22]} 29. Rg7 {[%clk 0:45:22]} Be4 {[%clk 0:59:18]} 30. Re7
{[%clk 0:45:44]} Bc6 {[%clk 0:59:40]} 1/2-1/2

[Event "Moscow Open 2016 A"]
[Site "?"]
[Date "2016.02.06"]
[Round "8.3"]
[White "Kokarev, Dmitry"]
[Black "Antal, Gergely"]
[Result "1-0"]
[BlackElo "2566"]
[WhiteElo "2619"]
[LiveChessVersion "1.4.7"]

1. e4 {[%clk 1:30:53]} c5 {[%clk 1:30:48]} 2. Nf3 {[%clk 1:31:16]} e6
{[%clk 1:31:14]} 3. d4 {[%clk 1:31:39]} cxd4 {[%clk 1:31:40]} 4. Nxd4
{[%clk 1:32:02]} Nc6 {[%clk 1:32:07]} 5. Nc3 {[%clk 1:32:12]} Qc7
{[%clk 1:32:32]} 6. Be3 {[%clk 1:32:24]} a6 {[%clk 1:32:40]} 7. Qf3
{[%clk 1:32:31]} d6 {[%clk 1:31:59]} 8. O-O-O {[%clk 1:32:25]} Bd7
{[%clk 1:32:15]} 9. Qg3 {[%clk 1:22:19]} Nf6 {[%clk 1:28:42]} 10. Kb1
{[%clk 1:21:08]} b5 {[%clk 1:17:47]} 11. Bxb5 {[%clk 1:15:29]} axb5
{[%clk 1:12:26]} 12. Ndxb5 {[%clk 1:15:53]} Qb8 {[%clk 1:11:16]} 13. Nxd6+
{[%clk 1:15:45]} Bxd6 {[%clk 1:11:38]} 14. Qxd6 {[%clk 1:16:10]} Qxd6
{[%clk 1:03:47]} 15. Rxd6 {[%clk 1:16:28]} Ng4 {[%clk 0:58:42]} 16. Nd1
{[%clk 1:06:28]} Nxe3 {[%clk 0:51:23]} 17. Nxe3 {[%clk 1:06:51]} Ke7
{[%clk 0:51:33]} 18. Rhd1 {[%clk 1:07:00]} Ra7 {[%clk 0:51:56]} 19. b3
{[%clk 1:06:40]} g5 {[%clk 0:50:53]} 20. a4 {[%clk 1:03:38]} Ne5 {[%clk 0:45:33]}
21. h3 {[%clk 1:02:54]} h5 {[%clk 0:38:48]} 22. R6d4 {[%clk 0:56:19]} g4
{[%clk 0:36:43]} 23. Rh1 {[%clk 0:55:50]} Rg8 {[%clk 0:25:27]} 24. hxg4
{[%clk 0:55:22]} Nxg4 {[%clk 0:25:45]} 25. Nd1 {[%clk 0:55:15]} e5
{[%clk 0:24:54]} 26. Rb4 {[%clk 0:51:15]} Nf6 {[%clk 0:20:54]} 27. Ne3
{[%clk 0:51:23]} Be6 {[%clk 0:20:49]} 28. f3 {[%clk 0:50:31]} Rg3
{[%clk 0:19:43]} 29. Rb5 {[%clk 0:48:31]} Rg5 {[%clk 0:12:54]} 30. Kb2
{[%clk 0:48:09]} Bd7 {[%clk 0:10:34]} 31. Rb8 {[%clk 0:46:57]} Rg6
{[%clk 0:09:09]} 32. Rh8 {[%clk 0:39:44]} Be6 {[%clk 0:06:31]} 33. Rd1
{[%clk 0:37:36]} Rg3 {[%clk 0:04:26]} 34. Rd3 {[%clk 0:35:37]} Rd7
{[%clk 0:04:29]} 35. a5 {[%clk 0:34:53]} Rxd3 {[%clk 0:01:44]} 36. cxd3
{[%clk 0:35:10]} Ne8 {[%clk 0:01:30]} 37. a6 {[%clk 0:20:20]} Nc7
{[%clk 0:01:56]} 38. a7 {[%clk 0:20:46]} Kd6 {[%clk 0:02:22]} 39. b4
{[%clk 0:19:50]} Bd7 {[%clk 0:01:30]} 40. b5 {[%clk 0:46:02]} Kc5
{[%clk 0:31:33]} 41. Rd8 {[%clk 0:44:27]} Bxb5 {[%clk 0:27:27]} 42. Rc8
{[%clk 0:44:34]} Kb6 {[%clk 0:27:18]} 43. Rxc7 {[%clk 0:44:54]} Rg8
{[%clk 0:27:44]} 44. Rxf7 {[%clk 0:44:19]} Bxd3 {[%clk 0:27:43]} 45. Nd5+
{[%clk 0:44:39]} Ka6 {[%clk 0:28:02]} 46. Nb4+ {[%clk 0:44:46]} 1-0

[Event "Moscow Open 2016 A"]
[Site "?"]
[Date "2016.02.06"]
[Round "8.4"]
[White "Seliverstov, Vladimir"]
[Black "Gordievsky, Dmitry"]
[Result "0-1"]
[BlackElo "2506"]
[WhiteElo "2449"]
[LiveChessVersion "1.4.7"]

1. d4 {[%clk 1:30:54]} Nf6 {[%clk 1:30:56]} 2. c4 {[%clk 1:31:18]} b6
{[%clk 1:31:15]} 3. Nc3 {[%clk 1:30:41]} Bb7 {[%clk 1:31:05]} 4. Qc2
{[%clk 1:30:34]} d5 {[%clk 1:31:12]} 5. Nf3 {[%clk 1:23:33]} e6 {[%clk 1:20:38]}
6. cxd5 {[%clk 1:18:34]} Nxd5 {[%clk 1:14:15]} 7. Bg5 {[%clk 1:02:00]} Be7
{[%clk 1:10:31]} 8. Nxd5 {[%clk 1:02:07]} exd5 {[%clk 1:05:02]} 9. Bxe7
{[%clk 1:02:24]} Qxe7 {[%clk 1:05:30]} 10. Rc1 {[%clk 1:00:02]} c6
{[%clk 1:02:37]} 11. e3 {[%clk 1:00:09]} O-O {[%clk 1:02:01]} 12. Bd3
{[%clk 1:00:31]} g6 {[%clk 1:02:20]} 13. O-O {[%clk 0:56:45]} Nd7
{[%clk 1:02:36]} 14. Qa4 {[%clk 0:56:24]} a6 15. Qb3 {[%clk 0:42:22]} Rab8
{[%clk 0:54:38]} 16. Rc3 {[%clk 0:41:55]} c5 {[%clk 0:50:40]} 17. Qa3
{[%clk 0:40:15]} Qf6 {[%clk 0:49:42]} 18. dxc5 {[%clk 0:35:16]} bxc5
{[%clk 0:49:58]} 19. Rc2 {[%clk 0:35:16]} Rfe8 {[%clk 0:33:03]} 20. Re1
{[%clk 0:22:23]} Bc6 {[%clk 0:32:54]} 21. b3 {[%clk 0:19:15]} d4 {[%clk 0:29:20]}
22. e4 {[%clk 0:19:41]} Bb5 {[%clk 0:29:09]} 23. Bc4 {[%clk 0:19:32]} Kg7
{[%clk 0:23:37]} 24. Qc1 {[%clk 0:19:26]} h6 {[%clk 0:23:33]} 25. Rce2
{[%clk 0:17:50]} Rb6 {[%clk 0:20:21]} 26. h3 {[%clk 0:11:22]} g5 {[%clk 0:20:09]}
27. Rd1 {[%clk 0:09:32]} Rd6 {[%clk 0:13:18]} 28. Nd2 {[%clk 0:08:55]} Qg6
{[%clk 0:11:58]} 29. f3 {[%clk 0:07:49]} h5 {[%clk 0:08:54]} 30. a4
{[%clk 0:07:47]} Bc6 {[%clk 0:08:19]} 31. Bd3 {[%clk 0:08:00]} Rde6
{[%clk 0:06:04]} 32. Nc4 {[%clk 0:08:02]} Qh6 {[%clk 0:05:20]} 33. Rde1
{[%clk 0:06:54]} Qf6 {[%clk 0:04:23]} 34. h4 {[%clk 0:05:31]} gxh4
{[%clk 0:04:35]} 35. f4 {[%clk 0:06:00]} h3 {[%clk 0:03:47]} 36. g3
{[%clk 0:04:43]} Qg6 {[%clk 0:03:18]} 37. f5 {[%clk 0:02:09]} Qxg3+
{[%clk 0:03:42]} 38. Kh1 {[%clk 0:02:39]} Rxe4 {[%clk 0:03:37]} 0-1